书目信息 |
| 题名: |
铁路客货运输专刊
|
|
| 作者: | ;中国国家铁路集团公司 , 中国国家铁路集团公司 编 | |
| 分册: | 2020 3 | |
| 出版信息: | 北京 中国铁道出版社有限公司 2020 |
|
| 页数: | 170页 | |
| 开本: | 19cm | |
| 丛书名: | ||
| 单 册: | ||
| 中图分类: | U293-55 , U294-55 , U293 | |
| 科图分类: | ||
| 主题词: | 铁路运输--旅客运输--丛刊 , 铁路运输--货物运输--丛刊 | |
| 电子资源: | ||
| ISBN: | 978-7-113-26798-8 | |
| 000 | 01028nam0 2200265 450 | |
| 001 | 2373064254 | |
| 005 | 20231010192731.60 | |
| 010 | @a978-7-113-26798-8@dCNY72.00 | |
| 100 | @a20210623d2020 em y0chiy50 ea | |
| 101 | 0 | @achi |
| 102 | @aCN@b110000 | |
| 105 | @ak z 000yy | |
| 200 | 1 | @a铁路客货运输专刊@Atie lu ke huo yun shu zhuan kan@h2020 3@f中国国家铁路集团有限公司客运部,中国国家铁路集团有限公司货运部编 |
| 210 | @a北京@c中国铁道出版社有限公司@d2020 | |
| 215 | @a170页@d19cm@e1附件 | |
| 330 | @a本书包括客运管理、货运管理、货物运价、客货运价里程表、铁路专用线专用铁路名称表、剪贴页等内容。 | |
| 606 | 0 | @a铁路运输@x旅客运输@j丛刊 |
| 606 | 0 | @a铁路运输@x货物运输@j丛刊 |
| 690 | @aU293-55@v5 | |
| 690 | @aU294-55@v5 | |
| 690 | @aU293@v4 | |
| 711 | 02 | @a中国国家铁路集团公司@Azhong guo guo jia tie lu ji tuan gong si ke yun bu@b客运部@4编 |
| 711 | 02 | @a中国国家铁路集团公司@Azhong guo guo jia tie lu ji tuan gong si huo yun bu@b货运部@4编 |
| 801 | 0 | @aCN@b安徽时代@c20230923 |
| 905 | @aBZT@dU293@e2:2020:3 | |
| 铁路客货运输专刊.2020 3/中国国家铁路集团有限公司客运部,中国国家铁路集团有限公司货运部编.-北京:中国铁道出版社有限公司,2020 |
| 170页;19cm+1附件 |
| ISBN 978-7-113-26798-8:CNY72.00 |
| 本书包括客运管理、货运管理、货物运价、客货运价里程表、铁路专用线专用铁路名称表、剪贴页等内容。 |
| ● |
| 相关链接 |
|
|
|
正题名:铁路客货运输专刊
索取号:U293/2:2020:3
 
预约/预借
| 序号 | 登录号 | 条形码 | 馆藏地/架位号 | 状态 | 备注 |
| 1 | 2000925005 | 2000925005 | 第四书库/四27架B面6层1列/ [索取号:U293/2:2020:3] | 在馆 | |
| 2 | 2000925006 | 2000925006 | 第四书库/四27架B面6层1列/ [索取号:U293/2:2020:3] | 在馆 | |
| 3 | 2000925007 | 2000925007 | 第四书库/四27架B面6层1列/ [索取号:U293/2:2020:3] | 在馆 | |
| 4 | 2000925008 | 2000925008 | 第四书库/四27架B面6层1列/ [索取号:U293/2:2020:3] | 在馆 | |
| 5 | 2000925009 | 2000925009 | 第四书库/四27架B面6层1列/ [索取号:U293/2:2020:3] | 在馆 | |
| 6 | 2000925010 | 2000925010 | 第四书库/四27架B面6层1列/ [索取号:U293/2:2020:3] | 在馆 |